000
00367nam a2200169Ia 4500
003
0100
008
130307s9999 xx 000 0 und d
040
_c
ARRUPELIB
050
_a
PA2087.B31918
100
_a
Bennett, Charles Edwin
245
_a
New Latin grammar
260
_a
Boston
260
_b
Allyn Bacon
260
_c
1918
300
_a
287p
942
0
0
_0
1
999
_c
89110
_d
89110